00858cam a2200169Mi 4500020003600000020003300036040001000069082002600079245006100105300003400166520032400200650002200524700002300546700002300569710004200592856005400634 a9781412979351 (electronic book) a1412979358 (electronic book) cGGVRL04a320 RMH 1991 C151 Or.00a21st century political science :ba reference handbook / a1 online resource (448 pages) aHighlights the most important political science topics, issues, questions, and debates in the 21st Century. Includes basic institutions of government, political ideologies and cultures, public opinion, political parties and elections, political communication, political economy, international relations and institutions 0aPolitical science1 aIshiyama, John T.,1 aBreuning, Marijke,2 aOhio Library and Information Network.40uhttp://rave.ohiolink.edu/ebooks/ebc/9781412969017